000 00503nam a22001937a 4500
999 _c7586
_d7586
003 OSt
005 20220111120132.0
008 220111b ||||| |||| 00| 0 eng d
020 _a0415417554
040 _cDDC
082 _a307.76 NEW 2007
100 _aNewson, Elizabeth: John
_915513
245 _aFour Years old in an Urban Community.
260 _aLondan:
_bRoutledge;
_c2007,
300 _a605p;
_c24cm.
504 _aIncludes Index.
650 _aUrban Communities.
_915510
942 _2ddc
_cBOOK